01762cam a2200457 4500001001400000005001700014008004100031020003500072040003200107041001300139044001100152072003400163080001600197080001400213080001600227080002300243080001600266100002500282240010100307245018000408246009800588250001900686264004500705300005800750336002600808336003800834337002900872338002900901500004700930650001900977650004300996650002901039650003101068650002301099650002801122650002901150650003001179655002401209655003901233700003201272vtls01213507720260507111059.0220516s2022 xo oa g f 001 0 slo  a9788055182414q(brožované) aSVKPObslocSVKPOdSNKerda1 aslohita axocSK 7a634xOvocinárstvo2konspekt a634.322011 a63422011 a634.622011 a581.9(213.5)22011 a(035)220111 aFerioli, Eliana4aut10aAgrumi in vaso. Guida indispensabile per scegliere e coltivare gli agrumi più bellilSlovensky10aCitrusycEliana Ferioli ; z talianskeho originálu Agrumi in vaso. Guida indispensabile per scegliere e coltivare gli agrumi più belli ... preložila Veronika Fülepová1 iObálkový podnázov:aSprievodca pre výber a pestovanie tých najkrajších citrusov aPrvé vydanie 1aBratislavabIkar, a.s. - Prírodac2022 a96 stránbfarebné fotografie, ilustráciec24 cm atextbtxt2rdacontent astatický obrazbsti2rdacontent abez médiabn2rdamedia azväzokbnc2rdacarrier aTerminologický slovník na strane 93-9407acitrusy2SNKPH07apestovanie ovocných rastlín2SNKPH07atropické ovocie2SNKPH07atropické rastliny2SNKPH07aCitruses2SNKPHeng07aFruit-culture2SNKPHeng07aTropical fruit2SNKPHeng07aTropical plants2SNKPHeng 7apríručky2SNKPH 7aHandbooks, manuals, etc.2SNKPHeng1 aFülepová, Veronika4trl